<?xml version="1.0" encoding="UTF-8"?>
<collection xmlns="http://www.loc.gov/MARC21/slim">
 <record>
  <leader>00894nam a2200217   4500</leader>
  <controlfield tag="001">1/14071</controlfield>
  <controlfield tag="008">990113s1998    enk           00000 eng d</controlfield>
  <datafield tag="035" ind1=" " ind2=" ">
   <subfield code="l">14534</subfield>
  </datafield>
  <datafield tag="040" ind1=" " ind2=" ">
   <subfield code="a">DLC</subfield>
   <subfield code="b">GR-PeUP</subfield>
  </datafield>
  <datafield tag="082" ind1="0" ind2="0">
   <subfield code="a">330.015 195 DI</subfield>
  </datafield>
  <datafield tag="100" ind1="1" ind2=" ">
   <subfield code="a">Disney, Richard.</subfield>
  </datafield>
  <datafield tag="245" ind1="1" ind2="0">
   <subfield code="a">Does it pay to work in the public sector?:</subfield>
   <subfield code="b">Discussion Papers in Economics/</subfield>
   <subfield code="c">Richard Disney, Amanda Gosling.</subfield>
  </datafield>
  <datafield tag="260" ind1=" " ind2=" ">
   <subfield code="a">England:</subfield>
   <subfield code="b">University of Nottingham,</subfield>
   <subfield code="c">1998.</subfield>
  </datafield>
  <datafield tag="300" ind1=" " ind2=" ">
   <subfield code="a">27p.:</subfield>
   <subfield code="b">fig.;</subfield>
   <subfield code="c">21cm.</subfield>
  </datafield>
  <datafield tag="490" ind1="1" ind2=" ">
   <subfield code="a">Discussion papers in economics / Department of Economics, University of Nottingham,</subfield>
   <subfield code="x">1360-2438 ;</subfield>
  </datafield>
  <datafield tag="500" ind1=" " ind2=" ">
   <subfield code="a">References.</subfield>
  </datafield>
  <datafield tag="650" ind1=" " ind2="4">
   <subfield code="a">Econometric.</subfield>
  </datafield>
  <datafield tag="650" ind1=" " ind2="4">
   <subfield code="a">Government policy.</subfield>
  </datafield>
  <datafield tag="700" ind1="1" ind2=" ">
   <subfield code="a">Gosling, Amanda.</subfield>
  </datafield>
  <datafield tag="830" ind1=" " ind2=" ">
   <subfield code="a">Discussion papers in economics / Department of Economics, University of Nottingham ;</subfield>
   <subfield code="v">98/18.</subfield>
  </datafield>
  <datafield tag="852" ind1=" " ind2=" ">
   <subfield code="a">INST</subfield>
   <subfield code="b">UNIPILB</subfield>
   <subfield code="c">MAIN</subfield>
   <subfield code="e">20040709</subfield>
   <subfield code="h">330.015 195 DI</subfield>
   <subfield code="p">00130054</subfield>
   <subfield code="q">00130054</subfield>
   <subfield code="t">LOAN</subfield>
   <subfield code="v">v.98/18:</subfield>
   <subfield code="y">0</subfield>
   <subfield code="z">v.98/18</subfield>
   <subfield code="4">1</subfield>
  </datafield>
 </record>
</collection>
